| 000 | 01251 a2200217 4500 | ||
|---|---|---|---|
| 003 | Nust | ||
| 005 | 20221103183521.0 | ||
| 010 | _a 72109255 | ||
| 020 | _a0070629234 | ||
| 040 | _cNust | ||
| 082 | 0 | 0 | _a621.38,TAU |
| 100 | 1 |
_aHerbert Taub _9102359 |
|
| 245 | 1 | 0 |
_aPrinciples of communication systems _c[by] Herbert Taub [and] Donald L. Schilling. |
| 260 |
_aNew York, _bMcGraw-Hill _c[1971] |
||
| 300 |
_axx, 514 p. _billus. _c23 cm. |
||
| 490 | 0 | _aMcGraw-Hill electrical and electronic engineering series | |
| 505 | _aSpectral Analysis (Page-1), Random Variables and Processes (Page-43), Amplitude Modulation Systems (Page-81), Frequency Modulation Systems (Page-113), Pulse Modulation Systems (Page-157), Pulse Code Modulation (Page-196), Mathematical Representation of Noise (Page-235), Noise in Amplitude Modulation on Systems (Page-268), Noise in Frequency Modulation Systems (Page-295), Threshold in Frequency Modulation (Page-320), Data Transmission (Page-365), Noise in Pulse-Code and Delta Modulation Systems (Page-391), Information Theory and Coding (Page-413), Communication System and Noise Calculations (Page-470). | ||
| 650 | 0 |
_aTelecommunication systems. _921843 |
|
| 700 | 1 |
_aSchilling, Donald L., _9102360 |
|
| 942 |
_2ddc _cBK |
||
| 999 |
_c189096 _d189096 |
||